[Event "St Denis op 21st"]
[Site "St Denis"]
[Date "2019.10.20"]
[Round "7"]
[White "Hamon, Christian"]
[Black "Rodier, David"]
[Result "0-1"]
[WhiteElo "2001"]
[BlackElo "2161"]
[PlyCount "48"]
[EventDate "2019.10.20"]
[EventType "swiss"]
[EventRounds "9"]
[EventCountry "RUF"]
[SourceTitle "EXT 2021"]
[Source "ChessBase"]
[SourceDate "2020.10.23"]
[SourceVersion "1"]
[SourceVersionDate "2020.10.23"]
[SourceQuality "1"]

1. Nf3 d5 2. g3 c6 3. Bg2 Bg4 4. d4 Nd7 5. Nbd2 Ngf6 6. 0-0 e6 7. b3 a5 8. a3 Bd6 9. Bb2 h5 10. Ne5 Bf5 11. Nxd7 Qxd7 12. Nf3 0-0-0 13. Ne5 Qc7 14. b4 h4 15. Qe1 hxg3 16. hxg3 Bxe5 17. dxe5 Ng4 18. e4 dxe4 19. Bxe4 Nh2 20. Qe3 Nxf1 21. Rxf1 Bxe4 22. Qxe4 Qd7 23. c4 Qd3 24. Qxd3 Rxd3 0-1

[Event "Reunion op 18th"]
[Site "St Denis"]
[Date "2016.10.13"]
[Round "6"]
[White "Mezouaghi, Miloud"]
[Black "Rodier, David"]
[Result "1-0"]
[WhiteElo "2057"]
[BlackElo "2147"]
[PlyCount "74"]
[EventDate "2016.10.10"]
[EventType "swiss"]
[EventRounds "7"]
[EventCountry "RUF"]
[SourceTitle "CBM 175 Extra"]
[Source "ChessBase"]
[SourceDate "2016.12.12"]
[SourceVersion "1"]
[SourceVersionDate "2016.12.12"]
[SourceQuality "1"]

1. e4 c5 2. Nf3 d6 3. d4 cxd4 4. Nxd4 Nf6 5. Nc3 g6 6. Be2 Bg7 7. 0-0 0-0 8. Be3 Nc6 9. Nb3 a5 10. a4 Nb4 11. f4 Be6 12. Bf3 Rc8 13. Rf2 Nd7 14. Nd4 Bc4 15. Rd2 Qe8 16. Ncb5 f5 17. exf5 gxf5 18. c3 Nc6 19. Nxc6 bxc6 20. Na7 Rc7 21. Nxc6 Nf6 22. Nxa5 Ba6 23. Qb3+ Kh8 24. Re1 Ne4 25. Bxe4 fxe4 26. Bb6 Rd7 27. Rxe4 e5 28. Rf2 Qg6 29. Qd1 Rdf7 30. g3 h6 31. Be3 exf4 32. Rexf4 Rxf4 33. Rxf4 Re8 34. Bd4 Be5 35. Bxe5+ dxe5 36. Qd7 Qb6+ 37. Rf2 Qb8 1-0

[Event "Reunion op 18th"]
[Site "St Denis"]
[Date "2016.10.10"]
[Round "1"]
[White "Rodier, David"]
[Black "Carballar, Eric"]
[Result "1-0"]
[WhiteElo "2147"]
[BlackElo "1399"]
[PlyCount "34"]
[EventDate "2016.10.10"]
[EventType "swiss"]
[EventRounds "7"]
[EventCountry "RUF"]
[SourceTitle "CBM 175 Extra"]
[Source "ChessBase"]
[SourceDate "2016.12.12"]
[SourceVersion "1"]
[SourceVersionDate "2016.12.12"]
[SourceQuality "1"]

1. d4 d6 2. e4 Nc6 3. d5 Ne5 4. Nc3 g6 5. f4 Ng4 6. Bb5+ Bd7 7. Qxg4 c6 8. Qe2 cxb5 9. Nxb5 Bg7 10. c3 Qb6 11. a4 Qxg1+ 12. Rxg1 Nh6 13. Nc7+ Kd8 14. Nxa8 Bg4 15. Qb5 b6 16. Qc6 e6 17. Qxd6+ Kc8 1-0

[Event "Reunion op 16th"]
[Site "St Denis"]
[Date "2014.10.23"]
[Round "7"]
[White "Reinhart, Emmanuel"]
[Black "Rodier, David"]
[Result "1-0"]
[WhiteElo "2355"]
[BlackElo "2136"]
[PlyCount "73"]
[EventDate "2014.10.18"]
[EventType "swiss"]
[EventRounds "9"]
[EventCountry "RUF"]
[SourceTitle "EXT 2015"]
[Source "ChessBase"]
[SourceDate "2014.11.20"]
[SourceVersion "1"]
[SourceVersionDate "2014.11.20"]
[SourceQuality "1"]

1. e4 c5 2. Nf3 d6 3. d4 cxd4 4. Qxd4 a6 5. c4 Nc6 6. Qe3 g6 7. Nc3 Bh6 8. Qd3 Bg7 9. Be2 Nf6 10. 0-0 0-0 11. h3 Nd7 12. Bg5 h6 13. Be3 Nc5 14. Qd2 Kh7 15. Nd4 Nxd4 16. Bxd4 Bxd4 17. Qxd4 Bd7 18. b4 Ne6 19. Qe3 Bc6 20. f4 a5 21. a3 Ng7 22. b5 Bd7 23. Rad1 Be6 24. f5 gxf5 25. exf5 Bxf5 26. Rxf5 Nxf5 27. Bd3 e6 28. g4 Rg8 29. Kh2 Rg5 30. gxf5 Kh8 31. fxe6 Qf6 32. exf7 Rf8 33. Nd5 Qg7 34. Rd2 Rxf7 35. Qe4 Rf8 36. Qe6 Rg8 37. Nf4 1-0

[Event "Reunion op 16th"]
[Site "St Denis"]
[Date "2014.10.23"]
[Round "6"]
[White "Rodier, David"]
[Black "Payet, Jean Claude"]
[Result "1/2-1/2"]
[WhiteElo "2136"]
[BlackElo "1893"]
[PlyCount "61"]
[EventDate "2014.10.18"]
[EventType "swiss"]
[EventRounds "9"]
[EventCountry "RUF"]
[SourceTitle "EXT 2015"]
[Source "ChessBase"]
[SourceDate "2014.11.20"]
[SourceVersion "1"]
[SourceVersionDate "2014.11.20"]
[SourceQuality "1"]

1. d4 Nf6 2. Bg5 e6 3. e4 h6 4. Bxf6 Qxf6 5. Nc3 c5 6. d5 a6 7. a4 d6 8. Nf3 g6 9. Be2 e5 10. Nd2 Be7 11. 0-0 0-0 12. Nc4 Nd7 13. Bg4 Qg5 14. Bxd7 Bxd7 15. Kh1 f5 16. Ra3 f4 17. Rb3 f3 18. gxf3 Rab8 19. Rg1 Qh4 20. Nb6 Bh3 21. Rxg6+ Kh7 22. Rg3 Bg5 23. Ne2 Rf4 24. Ng1 Bc8 25. Nxc8 Rxc8 26. Rxb7+ Kh8 27. Qe2 Qh5 28. Kg2 Rh4 29. h3 Bf4 30. Rg4 Rxh3 31. Nxh3 1/2-1/2

[Event "Reunion op 16th"]
[Site "St Denis"]
[Date "2014.10.18"]
[Round "1"]
[White "Fontaine, Willy"]
[Black "Rodier, David"]
[Result "0-1"]
[WhiteElo "1456"]
[BlackElo "2136"]
[PlyCount "64"]
[EventDate "2014.10.18"]
[EventType "swiss"]
[EventRounds "9"]
[EventCountry "RUF"]
[SourceTitle "EXT 2015"]
[Source "ChessBase"]
[SourceDate "2014.11.20"]
[SourceVersion "1"]
[SourceVersionDate "2014.11.20"]
[SourceQuality "1"]

1. e4 c5 2. Nf3 d6 3. h3 a6 4. c4 Nf6 5. d3 Nc6 6. Nc3 e6 7. Be2 Be7 8. 0-0 0-0 9. Bg5 Bd7 10. b3 Nd4 11. Nxd4 cxd4 12. Nb1 Bc6 13. Bf3 Nd7 14. Bxe7 Qxe7 15. Nd2 Ne5 16. Be2 Ng6 17. f4 f5 18. Bh5 Qf6 19. Bxg6 Qxg6 20. Qe1 Rae8 21. Rf3 Qh6 22. Qf2 Qf6 23. Re1 h6 24. Rg3 fxe4 25. Nxe4 Bxe4 26. Rxe4 e5 27. Rf3 Qe7 28. f5 b5 29. Qg3 Kh8 30. Qe1 bxc4 31. bxc4 Rb8 32. Rxd4 Qa7 0-1

[Event "Reunion op 15th"]
[Site "St Denis"]
[Date "2013.10.16"]
[Round "5"]
[White "Rodier, David"]
[Black "Reinhart, Emmanuel"]
[Result "0-1"]
[WhiteElo "2136"]
[BlackElo "2326"]
[PlyCount "60"]
[EventDate "2013.10.12"]
[EventType "swiss"]
[EventRounds "9"]
[EventCountry "RUF"]
[SourceTitle "EXT 2014"]
[Source "ChessBase"]
[SourceDate "2013.11.20"]
[SourceVersion "1"]
[SourceVersionDate "2013.11.20"]
[SourceQuality "1"]

1. d4 e6 2. c4 Nf6 3. Nc3 d5 4. cxd5 exd5 5. Bg5 Bf5 6. Bxf6 gxf6 7. e3 c6 8. Nge2 Qb6 9. Qd2 h5 10. Ng3 Bg6 11. Bd3 h4 12. Nge2 Nd7 13. Rc1 Bd6 14. Bxg6 fxg6 15. 0-0 f5 16. f3 Nf6 17. e4 dxe4 18. Qg5 Kf7 19. fxe4 Rh5 20. Qd2 Re8 21. exf5 gxf5 22. Nf4 Bxf4 23. Rxf4 h3 24. g3 Rg5 25. Rcf1 Rd8 26. Na4 Qb5 27. Nc5 Qxc5 28. R4f2 Rxg3+ 29. hxg3 Rxd4 30. Rxf5 Rd5+ 0-1

[Event "Reunion op 15th"]
[Site "St Denis"]
[Date "2013.10.12"]
[Round "1"]
[White "Rodier, David"]
[Black "Lecaille, Max"]
[Result "1-0"]
[WhiteElo "2136"]
[BlackElo "1548"]
[PlyCount "63"]
[EventDate "2013.10.12"]
[EventType "swiss"]
[EventRounds "9"]
[EventCountry "RUF"]
[SourceTitle "EXT 2014"]
[Source "ChessBase"]
[SourceDate "2013.11.20"]
[SourceVersion "1"]
[SourceVersionDate "2013.11.20"]
[SourceQuality "1"]

1. d4 d5 2. c4 Nf6 3. cxd5 Nxd5 4. e4 Nf6 5. Nc3 e6 6. Nf3 h6 7. Bd3 Be7 8. 0-0 Nc6 9. a3 a6 10. Re1 Rb8 11. Bc2 0-0 12. Qd3 e5 13. d5 Nd4 14. Nxd4 exd4 15. e5 g6 16. exf6 Bxf6 17. Ne4 Bg7 18. Bb3 Bf5 19. Qf3 Re8 20. Bd2 Qh4 21. Ng3 Bg4 22. Qd3 Qf6 23. Rac1 Rbc8 24. h3 Bd7 25. Ne4 Qh4 26. Qf3 Bf5 27. Ng3 Bd7 28. d6 Qf6 29. Rxe8+ Rxe8 30. Qxf6 Bxf6 31. Rxc7 Bc6 32. Bxf7+ 1-0

[Event "Reunion op 14th"]
[Site "St Denis"]
[Date "2012.10.13"]
[Round "9"]
[White "Rodier, David"]
[Black "Caron, Jean Marie"]
[Result "1/2-1/2"]
[WhiteElo "2133"]
[BlackElo "1872"]
[PlyCount "80"]
[EventDate "2012.10.06"]
[EventType "swiss"]
[EventRounds "9"]
[EventCountry "RUF"]
[SourceTitle "EXT 2013"]
[Source "ChessBase"]
[SourceDate "2012.11.22"]
[SourceVersion "1"]
[SourceVersionDate "2012.11.22"]
[SourceQuality "1"]

1. d4 Nf6 2. c4 e6 3. Nc3 Bb4 4. f3 Bxc3+ 5. bxc3 d6 6. e4 Nbd7 7. Bd3 e5 8. Ne2 c5 9. 0-0 Qc7 10. Be3 0-0 11. d5 Re8 12. g4 Nf8 13. Ng3 Ng6 14. Qd2 Kh8 15. Kh1 Rb8 16. Nf5 Ng8 17. h4 N6e7 18. Qe2 a6 19. f4 Ng6 20. h5 Nxf4 21. Bxf4 exf4 22. Rxf4 Bxf5 23. Rxf5 Nh6 24. Rf4 Re5 25. Kg2 Qe7 26. Kg3 Rg5 27. Re1 Qe5 28. Kf3 f6 29. Rf5 Nxf5 30. exf5 Qxe2+ 31. Rxe2 b5 32. cxb5 axb5 33. Re1 g6 34. hxg6 hxg6 35. fxg6 Rxd5 36. Bf5 Re5 37. Be6 Rxe6 38. Rxe6 Kg7 39. Rxd6 Kxg6 40. Kf4 Ra8 1/2-1/2

[Event "Reunion op 14th"]
[Site "St Denis"]
[Date "2012.10.07"]
[Round "2"]
[White "Dalleau, Philippe"]
[Black "Rodier, David"]
[Result "0-1"]
[WhiteElo "1846"]
[BlackElo "2133"]
[PlyCount "65"]
[EventDate "2012.10.06"]
[EventType "swiss"]
[EventRounds "9"]
[EventCountry "RUF"]
[SourceTitle "EXT 2013"]
[Source "ChessBase"]
[SourceDate "2012.11.22"]
[SourceVersion "1"]
[SourceVersionDate "2012.11.22"]
[SourceQuality "1"]

1. c4 Nf6 2. Nc3 e5 3. g3 Bb4 4. Bg2 0-0 5. e3 Bxc3 6. dxc3 e4 7. Ne2 Nc6 8. 0-0 Ne5 9. b3 d6 10. h3 Bf5 11. Nd4 Bg6 12. g4 h5 13. f3 exf3 14. Nxf3 Nxf3+ 15. Bxf3 hxg4 16. hxg4 Ne4 17. Qe1 Qe7 18. a4 Rfe8 19. Ra2 Ng5 20. Bg2 c6 21. Qg3 Qe5 22. Qxe5 Rxe5 23. Raf2 Be4 24. Ba3 c5 25. Bc1 Bxg2 26. Kxg2 Ne4 27. Rf5 Re6 28. Bb2 Nd2 29. b4 Nxf1 30. Rxf1 Rxe3 31. bxc5 Re2+ 32. Rf2 Rxf2+ 33. Kxf2 0-1

[Event "Reunion op 11th"]
[Site "St Denis"]
[Date "2009.10.16"]
[Round "8"]
[White "Dalleau, Philippe"]
[Black "Rodier, David"]
[Result "1/2-1/2"]
[WhiteElo "1869"]
[BlackElo "2159"]
[PlyCount "83"]
[EventDate "2009.10.10"]
[EventType "swiss"]
[EventRounds "9"]
[EventCountry "RUF"]
[SourceTitle "CBM 132 Extra"]
[Source "ChessBase"]
[SourceDate "2009.11.03"]
[SourceVersion "1"]
[SourceVersionDate "2009.11.03"]
[SourceQuality "1"]

1. c4 Nf6 2. b3 e6 3. Bb2 d5 4. e3 Be7 5. Nf3 0-0 6. Be2 c5 7. 0-0 Nc6 8. d3 Qc7 9. Nc3 Rd8 10. Qc2 a6 11. a3 b6 12. Rfe1 h6 13. g3 Bb7 14. Bf1 Rd7 15. Bg2 Rad8 16. Nb1 dxc4 17. dxc4 Ng4 18. Bc3 Nce5 19. Nbd2 Nd3 20. Rf1 Bf6 21. e4 Bxc3 22. Qxc3 Nf6 23. Nh4 Qe5 24. Qxe5 Nxe5 25. Nhf3 Nxf3+ 26. Nxf3 Bxe4 27. Ne5 Rd2 28. f3 Bc2 29. b4 Bh7 30. b5 a5 31. Rfe1 R8d6 32. Re3 Nd7 33. Nc6 Bd3 34. Rc1 Kf8 35. f4 Bf5 36. Bf3 Nf6 37. Na7 Ng4 38. Bxg4 Bxg4 39. Nc8 R6d4 40. Nxb6 Rb2 41. Na4 Ra2 42. Nc3 1/2-1/2

[Event "FRA-ch Accession"]
[Site "Nimes"]
[Date "2009.08.16"]
[Round "6"]
[White "Callet, Emmanuel"]
[Black "Rodier, David"]
[Result "1/2-1/2"]
[WhiteElo "2215"]
[BlackElo "2145"]
[PlyCount "21"]
[EventDate "2009.08.11"]
[EventType "swiss"]
[EventRounds "9"]
[EventCountry "FRA"]
[SourceTitle "CBM 132 Extra"]
[Source "ChessBase"]
[SourceDate "2009.11.03"]
[SourceVersion "1"]
[SourceVersionDate "2009.11.03"]
[SourceQuality "1"]

1. Nf3 Nf6 2. d4 d5 3. c4 c6 4. Nc3 dxc4 5. a4 Bf5 6. e3 e6 7. Bxc4 Bb4 8. 0-0 Nbd7 9. Qe2 Bg6 10. h3 Qe7 11. a5 1/2-1/2

[Event "FRA-ch Accession"]
[Site "Nimes"]
[Date "2009.08.14"]
[Round "4"]
[White "Manoeuvre, Antoine"]
[Black "Rodier, David"]
[Result "1-0"]
[WhiteElo "2232"]
[BlackElo "2145"]
[PlyCount "125"]
[EventDate "2009.08.11"]
[EventType "swiss"]
[EventRounds "9"]
[EventCountry "FRA"]
[SourceTitle "CBM 132 Extra"]
[Source "ChessBase"]
[SourceDate "2009.11.03"]
[SourceVersion "1"]
[SourceVersionDate "2009.11.03"]
[SourceQuality "1"]

1. d4 d5 2. c4 c6 3. Nf3 Nf6 4. Nc3 dxc4 5. a4 Bf5 6. e3 e6 7. Bxc4 Bb4 8. 0-0 0-0 9. Ne2 Nbd7 10. b3 Qa5 11. Ng3 Bg6 12. Bb2 Rad8 13. Qe2 Ne4 14. Nxe4 Bxe4 15. Ne1 e5 16. f3 Bg6 17. Nd3 Bd6 18. f4 exf4 19. e4 Nb6 20. Nxf4 Bxf4 21. Rxf4 Nxc4 22. Qxc4 Qd2 23. Rf2 Qg5 24. e5 Be4 25. Re1 Bd5 26. Qc3 h5 27. Bc1 Qg4 28. h3 Qg6 29. Kh2 h4 30. b4 f5 31. Bf4 Be4 32. Qe3 b6 33. Rc1 Rd5 34. Rc4 b5 35. axb5 cxb5 36. Rc5 Rfd8 37. Bg5 Rxc5 38. bxc5 Rb8 39. Bxh4 b4 40. Rb2 Bd5 41. Be1 a5 42. Qf2 Ra8 43. Qc2 Qe6 44. Qa4 f4 45. Rf2 Bc6 46. Qa1 Qb3 47. Ra2 Qc4 48. Rf2 Qb3 49. Ra2 Qe3 50. Bxb4 f3 51. Qe1 Qf4+ 52. g3 Qxd4 53. Bc3 Qxc5 54. Rf2 Re8 55. Qd2 a4 56. Bd4 Qd5 57. Qa2 Qb3 58. Rb2 Bd5 59. Rxb3 axb3 60. Qa5 Be6 61. Qb6 Kh8 62. g4 Bd5 63. Qb5 1-0

[Event "FRA-ch Accession"]
[Site "Nimes"]
[Date "2009.08.11"]
[Round "1"]
[White "Rodier, David"]
[Black "Mancini, Mario"]
[Result "0-1"]
[WhiteElo "2145"]
[BlackElo "2269"]
[PlyCount "101"]
[EventDate "2009.08.11"]
[EventType "swiss"]
[EventRounds "9"]
[EventCountry "FRA"]
[SourceTitle "CBM 132 Extra"]
[Source "ChessBase"]
[SourceDate "2009.11.03"]
[SourceVersion "1"]
[SourceVersionDate "2009.11.03"]
[SourceQuality "1"]

1. d4 Nf6 2. c4 Nc6 3. Nf3 e6 4. a3 d6 5. Nc3 g6 6. e4 Bg7 7. Be2 0-0 8. 0-0 Re8 9. Be3 e5 10. d5 Nd4 11. Nxd4 exd4 12. Bxd4 Nxe4 13. Bxg7 Kxg7 14. Rc1 Qf6 15. Bd3 Bf5 16. Bxe4 Bxe4 17. Re1 Bf5 18. Qd2 a6 19. b4 h5 20. h3 h4 21. Re3 Rxe3 22. Qxe3 Bd7 23. Ne4 Qe5 24. f4 Qe7 25. Qd4+ f6 26. Re1 Re8 27. Re2 b6 28. Kf2 Qd8 29. Re3 Qe7 30. Re2 Qf8 31. Re3 c5 32. dxc6 Bxc6 33. Nxd6 Rxe3 34. Kxe3 Bxg2 35. Kf2 Bxh3 36. Qxb6 Qa8 37. Qb7+ Qxb7 38. Nxb7 g5 39. b5 axb5 40. cxb5 g4 41. b6 g3+ 42. Kg1 Be6 43. Nd6 h3 44. b7 h2+ 45. Kg2 Bd5+ 46. Kxg3 h1Q 47. b8Q Qf3+ 48. Kh4 Qxf4+ 49. Kh3 Qf3+ 50. Kh4 Qf2+ 51. Kh5 0-1

[Event "FRA-ch op-A"]
[Site "Pau"]
[Date "2008.08.17"]
[Round "6"]
[White "Lograda, Alexis"]
[Black "Rodier, David"]
[Result "1-0"]
[WhiteElo "2033"]
[BlackElo "2162"]
[PlyCount "53"]
[EventDate "2008.08.11"]
[EventType "swiss"]
[EventRounds "9"]
[EventCountry "FRA"]
[SourceTitle "CBM 126 Extra"]
[Source "ChessBase"]
[SourceDate "2008.11.05"]
[SourceVersion "1"]
[SourceVersionDate "2008.11.05"]
[SourceQuality "1"]

1. e4 c5 2. Nf3 d6 3. d4 cxd4 4. Nxd4 Nf6 5. Nc3 a6 6. Bg5 e6 7. f4 Nbd7 8. Qf3 Qc7 9. 0-0-0 b5 10. e5 Bb7 11. Qh3 dxe5 12. Nxe6 fxe6 13. Qxe6+ Be7 14. Bxb5 0-0-0 15. Qxe7 axb5 16. Nxb5 Qa5 17. Nd6+ Kb8 18. Nxb7 Kxb7 19. Bxf6 Kc8 20. Bxe5 Qxa2 21. Qa3 Qxa3 22. bxa3 Rhe8 23. Rhe1 g5 24. g3 g4 25. Bc3 Rxe1 26. Rxe1 Nc5 27. Bb4 1-0

[Event "Reunion op 09th"]
[Site "Reunion"]
[Date "2007.10.21"]
[Round "9"]
[White "Rodier, David"]
[Black "Vitoux, Colomban"]
[Result "0-1"]
[WhiteElo "2138"]
[BlackElo "2394"]
[PlyCount "30"]
[EventDate "2007.10.14"]
[EventType "swiss"]
[EventRounds "9"]
[EventCountry "RUF"]
[SourceTitle "EXT 2012"]
[Source "ChessBase"]
[SourceDate "2011.11.24"]
[SourceVersion "1"]
[SourceVersionDate "2011.11.24"]
[SourceQuality "1"]

1. d4 Nf6 2. c4 g6 3. f3 d5 4. cxd5 Nxd5 5. e4 Nb6 6. Nc3 Bg7 7. Be3 0-0 8. Qd2 Nc6 9. 0-0-0 e5 10. d5 Nd4 11. Bh6 c6 12. h4 cxd5 13. h5 Bxh6 14. Qxh6 g5 15. exd5 Nf5 0-1

[Event "Reunion op 09th"]
[Site "Reunion"]
[Date "2007.10.15"]
[Round "2"]
[White "Roussel, Pierre Olivier"]
[Black "Rodier, David"]
[Result "0-1"]
[WhiteElo "1885"]
[BlackElo "2138"]
[PlyCount "96"]
[EventDate "2007.10.14"]
[EventType "swiss"]
[EventRounds "9"]
[EventCountry "RUF"]
[SourceTitle "EXT 2012"]
[Source "ChessBase"]
[SourceDate "2011.11.24"]
[SourceVersion "1"]
[SourceVersionDate "2011.11.24"]
[SourceQuality "1"]

1. e4 c5 2. Nf3 d6 3. d4 cxd4 4. Nxd4 Nf6 5. Nc3 a6 6. Bg5 e6 7. f4 Nbd7 8. Qf3 Qc7 9. 0-0-0 b5 10. Bxf6 Nxf6 11. e5 Bb7 12. Qg3 dxe5 13. fxe5 Nd7 14. Bxb5 axb5 15. Ndxb5 Qc5 16. Rhe1 Bc6 17. Nc7+ Kd8 18. Nxa8 Bxa8 19. Qd3 Bc6 20. g3 Kc7 21. Qd4 Qxd4 22. Rxd4 g6 23. Rf4 Bh6 24. b4 Bxf4+ 25. gxf4 Rb8 26. a3 h5 27. Ne4 Bxe4 28. Rxe4 g5 29. fxg5 Rb5 30. Rh4 Nxe5 31. c4 Nf3 32. Rxh5 Rf5 33. Kc2 e5 34. Kd3 Rf4 35. Ke3 Nd4 36. g6 Nf5+ 37. Ke2 fxg6 38. Rg5 Rxc4 39. Rxg6 e4 40. Kd2 Rd4+ 41. Ke2 Rd3 42. a4 Nd4+ 43. Ke1 e3 44. Rg7+ Kd6 45. Rg6+ Kd5 46. Rg5+ Kc4 47. Rg4 Ra3 48. Rxd4+ Kxd4 0-1

[Event "Creon op 12th"]
[Site "Creon"]
[Date "2007.08.03"]
[Round "7"]
[White "Delorme, Laurie"]
[Black "Rodier, David"]
[Result "1/2-1/2"]
[WhiteElo "2040"]
[BlackElo "2137"]
[PlyCount "80"]
[EventDate "2007.07.30"]
[EventType "swiss"]
[EventRounds "9"]
[EventCountry "FRA"]
[SourceTitle "CBM 119 Extra"]
[Source "ChessBase"]
[SourceDate "2007.09.04"]
[SourceVersion "1"]
[SourceVersionDate "2007.09.04"]
[SourceQuality "1"]

1. d4 Nf6 2. Nf3 d5 3. c4 c6 4. Nc3 a6 5. e3 Bg4 6. h3 Bc8 7. Qc2 g6 8. Bd3 Bg7 9. 0-0 0-0 10. b3 b5 11. Bb2 Nbd7 12. Rad1 Bb7 13. Rfe1 bxc4 14. bxc4 dxc4 15. Bxc4 Nb6 16. Bb3 Qc7 17. Ba3 a5 18. Na4 Nxa4 19. Bxa4 Nd5 20. Rb1 Rfc8 21. Bc5 Nb4 22. Qd2 Ba6 23. Bxb4 axb4 24. Rec1 Qd6 25. Qxb4 Bd3 26. Bc2 Qxb4 27. Rxb4 c5 28. Ra4 Bxc2 29. Rxa8 Rxa8 30. Rxc2 cxd4 31. Nxd4 Bxd4 32. exd4 Ra4 33. Rd2 Kg7 34. Kf1 Kf6 35. Ke2 Ra3 36. Kd1 Ke6 37. Kc1 Kd5 38. Kb2 Ra7 39. Kc3 Ra4 40. Kb3 Ra7 1/2-1/2

[Event "Reunion op 08th"]
[Site "Etang Sale"]
[Date "2006.10.19"]
[Round "6"]
[White "Mablouke, Ulrich"]
[Black "Rodier, David"]
[Result "0-1"]
[WhiteElo "1950"]
[BlackElo "2147"]
[PlyCount "53"]
[EventDate "2006.10.14"]
[EventType "swiss"]
[EventRounds "9"]
[EventCountry "FRA"]
[SourceTitle "EXT 2007"]
[Source "ChessBase"]
[SourceDate "2006.11.23"]
[SourceVersion "1"]
[SourceVersionDate "2006.11.23"]
[SourceQuality "1"]

1. e4 c5 2. b4 cxb4 3. a3 d5 4. exd5 Qxd5 5. Nf3 Bg4 6. Be2 Bxf3 7. gxf3 e5 8. axb4 Bxb4 9. c3 Bc5 10. Qa4+ Nc6 11. Qg4 g6 12. Na3 f5 13. Qh3 Nf6 14. 0-0 Nh5 15. d4 exd4 16. Nb5 0-0-0 17. cxd4 Nxd4 18. Nxd4 Bxd4 19. Rb1 Qe5 20. Bd1 Rd6 21. f4 Qe4 22. Rxb7 Qxb7 23. Bf3 Qb6 24. Ba3 Rd7 25. Bxh5 gxh5 26. Qf3 Rg8+ 27. Kh1 0-1

[Event "Reunion-ch"]
[Site "Reunion"]
[Date "2006.02.25"]
[Round "7"]
[White "Rodier, David"]
[Black "Fievet, Patrick"]
[Result "1-0"]
[WhiteElo "2176"]
[BlackElo "2106"]
[PlyCount "65"]
[EventDate "2005.11.26"]
[EventType "swiss"]
[EventRounds "9"]
[EventCountry "RUF"]
[SourceTitle "EXT 2008"]
[Source "ChessBase"]
[SourceDate "2007.11.25"]
[SourceVersion "1"]
[SourceVersionDate "2007.11.25"]
[SourceQuality "1"]

1. d4 d5 2. c4 c6 3. Nc3 Nf6 4. e3 a6 5. Bd3 dxc4 6. Bxc4 b5 7. Bd3 e6 8. Nf3 c5 9. dxc5 Bxc5 10. e4 Bb7 11. Bg5 Qb6 12. 0-0 Nbd7 13. h3 h6 14. Bh4 g5 15. Bg3 g4 16. hxg4 Nxg4 17. a4 b4 18. a5 Qc6 19. Na4 e5 20. Rc1 f6 21. Nd2 h5 22. Nxc5 Nxc5 23. Nb3 Rd8 24. Nxc5 Bc8 25. Bh4 Qd6 26. Qa4+ Ke7 27. Rfd1 Qd4 28. Qb3 Qd6 29. Qxb4 Be6 30. Be2 Qb8 31. Qxb8 Rxb8 32. Nxe6 Kxe6 33. Rc7 1-0

[Event "Reunion-ch"]
[Site "Reunion"]
[Date "2006.02.05"]
[Round "6"]
[White "Roblet, Charles"]
[Black "Rodier, David"]
[Result "1-0"]
[WhiteElo "2119"]
[BlackElo "2176"]
[PlyCount "87"]
[EventDate "2005.11.26"]
[EventType "swiss"]
[EventRounds "9"]
[EventCountry "RUF"]
[SourceTitle "EXT 2008"]
[Source "ChessBase"]
[SourceDate "2007.11.25"]
[SourceVersion "1"]
[SourceVersionDate "2007.11.25"]
[SourceQuality "1"]

1. e4 c5 2. d4 cxd4 3. c3 d3 4. Bxd3 Nc6 5. Nf3 d6 6. h3 e6 7. 0-0 Be7 8. Qe2 Qc7 9. Be3 Nf6 10. c4 0-0 11. Nc3 a6 12. Rac1 Re8 13. Nd5 exd5 14. cxd5 Qa5 15. dxc6 bxc6 16. b3 Bd7 17. Bd4 Nh5 18. Bc3 Qb6 19. Qd2 g6 20. Bc4 Be6 21. Be2 Ng3 22. Bd4 Nxe2+ 23. Qxe2 c5 24. Ba1 f6 25. e5 dxe5 26. Nxe5 Qb5 27. Nc4 Bd5 28. Qg4 Rab8 29. Ne3 Bf7 30. Nf5 Qc6 31. Nxe7+ Rxe7 32. Qh4 Kg7 33. Rfe1 Rbe8 34. Rxe7 Rxe7 35. Qf4 Rc7 36. Bd4 Qd7 37. Qxf6+ Kf8 38. Qg7+ Ke8 39. Qh8+ Ke7 40. Bf6+ Kd6 41. Rd1+ Bd5 42. Be5+ Kc6 43. Bxc7 Qxc7 44. Qa8+ 1-0

[Event "Reunion-ch"]
[Site "Reunion"]
[Date "2005.11.26"]
[Round "1"]
[White "Rodier, David"]
[Black "Francois, Gerard"]
[Result "1-0"]
[WhiteElo "2176"]
[BlackElo "1880"]
[PlyCount "65"]
[EventDate "2005.11.26"]
[EventType "swiss"]
[EventRounds "9"]
[EventCountry "RUF"]
[SourceTitle "EXT 2008"]
[Source "ChessBase"]
[SourceDate "2007.11.25"]
[SourceVersion "1"]
[SourceVersionDate "2007.11.25"]
[SourceQuality "1"]

1. d4 Nf6 2. Nf3 g6 3. c4 c5 4. d5 b5 5. cxb5 a6 6. b6 d6 7. Nc3 Qxb6 8. e4 Nbd7 9. h3 Bg7 10. Bd3 0-0 11. 0-0 Ne8 12. Re1 Nc7 13. a4 Ne5 14. a5 Nxf3+ 15. Qxf3 Qb7 16. Na4 Bd7 17. Nb6 Rad8 18. Bg5 Rfe8 19. Rab1 Bb5 20. b3 Bc3 21. Bxb5 Nxb5 22. Red1 Bxa5 23. Nc4 Bb4 24. Rd3 Qc7 25. h4 Ra8 26. h5 a5 27. hxg6 fxg6 28. Qg4 a4 29. bxa4 Rxa4 30. Qe6+ Kg7 31. Bf6+ exf6 32. Qxe8 Ra7 33. Qxb5 1-0